Easy multiplication quiz - Statistics

General Stats
  • This quiz has been taken 161 times
  • The average score is 15 of 15
Answer Stats
Question Answer % Correct
2x6 12
100%
6x3 18
100%
5x7 35
100%
4x9 36
100%
1x4 4
100%
5x8 40
100%
4x2 8
100%
4x2 8
100%
9x10 90
100%
9x0 0
96%
0x3 0
96%
0x6 0
96%
4x8 32
96%
9x5 45
96%
7x9 63
92%
No matching quizzes found
Score Distribution
Percent of People with Each Score
Percentile by Number Answered
Your Score History
You have not taken this quiz